| 000 | 00683cam a22002054a 4500 | ||
|---|---|---|---|
| 020 | _a9781845453893 (hardback : alk. paper) | ||
| 020 | _a1845453891 (hardback : alk. paper) | ||
| 040 | _cDLC | ||
| 082 | 0 | 0 | _a363 BER 2007 A078 Or. |
| 100 | 1 | _aUsborne, Cornelie, | |
| 245 | 1 | 0 | _aCultures of abortion in Weimar Germany / |
| 260 |
_aNew York : _bBerghahn Books, _c2007. |
||
| 300 |
_axii, 284 p. : _bill., map ; _c24 cm. |
||
| 650 | 0 | _aAbortion | |
| 650 | 0 | _aAbortion | |
| 856 | 4 | 1 | _uhttp://www.loc.gov/catdir/toc/ecip083/2007044787.html |
| 856 | 4 | 2 | _uhttp://www.h-net.org/reviews/showrev.php?id=25948 |
| 856 | 4 | 2 | _uhttp://www.h-net.org/reviews/showrev.php?id=29803 |
| 942 | _cEK | ||
| 999 |
_c15887 _d15887 |
||